000 00664cab a2200205 4500
001 WB2817-07
008 090401t1992 xxu||||| |||| 00| 0 eng d
035 _a(Sirsi) u47893
041 _aeng
245 _aParliament`s new sobriety
260 _c1992
350 _a0
490 _aSunday Telegraph
_v19 April 1992, XV(2)
520 _aPlans are tabled for additional Parliamentary accommodation opposite the Palace of Westminster, for which the approval of MPs will be sought in the coming months.
650 _aHOPKINS MICHAEL
650 _aPARLIAMENTARY BUILDINGS
690 _aBUILDING AND CONSTRUCTION-PROJECTS
942 _n0
948 _c04/03/1997
999 _c30131
_d30131